000 nam a22 a 4500
999 _c4319
_d4319
003 AKMAL
005 20170529082157.0
008 170529s1992 my 00 eng d
020 _a9678904861 (pbk.):
_cRgt. 12.50
082 0 4 _a345.595052 EXT
090 _a345.595052
_bEXT
110 _aMalaysia
_9400
240 1 _aAkta Ekstradisi, 1992.
_lEnglish
245 1 0 _aExtradition Act, 1992 (Act 479) & Akta Ekstradisi, 1992 (Akta 479) :
_bas at 15th. Jully 1992 /
_ccompiled by Legal Research Board
260 _aKuala Lumpur :
_bInternational Law Book Services,
_c1992
300 _aiii, 85p. ;
_c24cm
500 _aTeks sejajar bahasa Inggeris dan bahasa Melayu
650 _aExtradition
_xLaw and legislation
_98414
650 _aCriminal procedure
_zMalaysia
_93883
942 _2ddc
_cBOOK